[Event "ISR-ch op"]
[Site "Safed"]
[Date "2021.12.15"]
[Round "8"]
[White "Levin, Guy"]
[Black "Weisbuch, Udi"]
[Result "1-0"]
[WhiteElo "2337"]
[BlackElo "2209"]
[PlyCount "71"]
[EventDate "2021.12.08"]
[EventType "swiss"]
[EventRounds "9"]
[EventCountry "ISR"]
[SourceTitle "CBM 205 Extra"]
[Source "ChessBase"]
[SourceDate "2022.01.31"]
[SourceVersion "1"]
[SourceVersionDate "2022.01.31"]
[SourceQuality "1"]

1. Nf3 Nf6 2. g3 g6 3. Bg2 Bg7 4. d4 0-0 5. 0-0 d6 6. b3 Nc6 7. Bb2 e5 8. dxe5 Nd7 9. c4 Ncxe5 10. Nxe5 Nxe5 11. Nc3 h5 12. e4 h4 13. Qd2 hxg3 14. hxg3 a5 15. f4 Ng4 16. Bf3 c6 17. Kg2 Qb6 18. Bxg4 Bxg4 19. Na4 Qd8 20. Rh1 Qe7 21. Rae1 Rfe8 22. Bxg7 Kxg7 23. Qd4+ f6 24. e5 dxe5 25. fxe5 Bh5 26. g4 fxe5 27. Qe3 b5 28. Nc3 bxc4 29. bxc4 Qe6 30. gxh5 Qxc4 31. Rh3 Re6 32. Rg3 Rf8 33. hxg6 Qb4 34. Rh1 Qb2+ 35. Ne2 Rf4 36. Qa7+ 1-0

[Event "ISR-ch op"]
[Site "Safed"]
[Date "2021.12.13"]
[Round "6"]
[White "Weisbuch, Udi"]
[Black "Mamantov, Margarita"]
[Result "1/2-1/2"]
[WhiteElo "2209"]
[BlackElo "2038"]
[PlyCount "117"]
[EventDate "2021.12.08"]
[EventType "swiss"]
[EventRounds "9"]
[EventCountry "ISR"]
[SourceTitle "CBM 205 Extra"]
[Source "ChessBase"]
[SourceDate "2022.01.31"]
[SourceVersion "1"]
[SourceVersionDate "2022.01.31"]
[SourceQuality "1"]

1. e4 e5 2. Nf3 Nc6 3. Bc4 Nf6 4. d3 Be7 5. 0-0 d6 6. a4 0-0 7. a5 a6 8. Re1 Bg4 9. h3 Bxf3 10. Qxf3 Nd4 11. Qd1 c5 12. Bd2 Nc6 13. Bc3 Qd7 14. Nd2 Bd8 15. Nf1 Bc7 16. Ne3 Ne7 17. Qf3 Rad8 18. Bb3 Qc8 19. Qg3 g6 20. Qh4 Kg7 21. f4 Nfg8 22. Rf1 f6 23. g4 h6 24. fxe5 fxe5 25. Kg2 Rxf1 26. Rxf1 Rf8 27. g5 h5 28. Rxf8 Qxf8 29. Nd5 Bd8 30. Nxe7 Nxe7 31. Bd2 Nc6 32. Bd5 Qe7 33. Bxc6 bxc6 34. Qe1 Qb7 35. Qa1 Qf7 36. Qa4 Qb7 37. Qa2 Qe7 38. Qc4 Qb7 39. Qe6 Qe7 40. Qc8 Bxa5 41. Bxa5 Qxg5+ 42. Kf3 Qf4+ 43. Ke2 Qh2+ 44. Kd1 Qh1+ 45. Kd2 Qf1 46. Qc7+ Kh6 47. Qxd6 Qf2+ 48. Kd1 Qf3+ 49. Ke1 Qe3+ 50. Kd1 Qf3+ 51. Kc1 Qf1+ 52. Kd2 Qf2+ 53. Kc3 Qe1+ 54. Kb3 Qxa5 55. h4 Qb4+ 56. Ka2 Qa5+ 57. Kb3 Qb4+ 58. Ka2 Qa5+ 59. Kb3 1/2-1/2

[Event "Gibraltar Masters 18th"]
[Site "Caleta"]
[Date "2020.01.29"]
[Round "9"]
[White "Weisbuch, Udi"]
[Black "Kandic, Milan"]
[Result "1-0"]
[WhiteElo "2222"]
[BlackElo "2132"]
[PlyCount "91"]
[EventDate "2020.01.21"]
[EventType "swiss"]
[EventRounds "10"]
[EventCountry "GGB"]
[SourceTitle "CBM 194 Extra"]
[Source "ChessBase"]
[SourceDate "2020.03.31"]
[SourceVersion "1"]
[SourceVersionDate "2020.03.31"]
[SourceQuality "1"]

1. e4 d6 2. d4 Nf6 3. Nc3 e5 4. Nge2 Nc6 5. h3 exd4 6. Nxd4 Be7 7. g3 0-0 8. Bg2 Nxd4 9. Qxd4 Be6 10. 0-0 c6 11. Rd1 Qb6 12. Qxb6 axb6 13. Bf4 Rfd8 14. a4 h6 15. Be3 Nd7 16. f4 f5 17. g4 fxg4 18. f5 Bf7 19. hxg4 Nc5 20. Rd4 b5 21. e5 dxe5 22. Rxd8+ Rxd8 23. axb5 cxb5 24. Nxb5 Bd5 25. Rd1 Bxg2 26. Rxd8+ Bxd8 27. Kxg2 Nd7 28. Nd6 b6 29. Kf3 Kf8 30. c4 Ke7 31. Ne4 Nb8 32. Nc3 Kd6 33. b4 Nd7 34. Ne4+ Kc6 35. b5+ Kc7 36. Nc3 Kd6 37. Ne4+ Kc7 38. c5 Be7 39. c6 Nc5 40. Bxc5 Bxc5 41. Ke2 Bd4 42. Kd3 Kd8 43. Kc4 Ke7 44. Kd5 Bb2 45. Nd2 Bc3 46. Nc4 1-0

[Event "Gibraltar Masters 18th"]
[Site "Caleta"]
[Date "2020.01.28"]
[Round "8"]
[White "Kovacevic, Blazimir"]
[Black "Weisbuch, Udi"]
[Result "1-0"]
[WhiteElo "2451"]
[BlackElo "2222"]
[PlyCount "137"]
[EventDate "2020.01.21"]
[EventType "swiss"]
[EventRounds "10"]
[EventCountry "GGB"]
[SourceTitle "CBM 194 Extra"]
[Source "ChessBase"]
[SourceDate "2020.03.31"]
[SourceVersion "1"]
[SourceVersionDate "2020.03.31"]
[SourceQuality "1"]

1. d4 Nf6 2. Nf3 g6 3. Nbd2 Bg7 4. e4 d5 5. e5 Nfd7 6. h4 h6 7. Bd3 e6 8. c3 c5 9. b4 cxd4 10. cxd4 a6 11. Nb3 Nc6 12. a3 b5 13. Ra2 Nb6 14. 0-0 Bd7 15. h5 gxh5 16. Nh2 Qh4 17. Be2 Bf8 18. Bxh5 Nc4 19. Ng4 Be7 20. g3 Qh3 21. Nf6+ Bxf6 22. Bg4 Qxf1+ 23. Kxf1 Be7 24. Bh5 a5 25. bxa5 N6xa5 26. Nxa5 Nxa5 27. Qf3 Rh7 28. Qd3 Rh8 29. Qf3 Rh7 30. Qd3 Rh8 31. Rc2 Nc4 32. Qf3 Rh7 33. Rc3 Ra4 34. Kg2 Na5 35. Qd3 Rh8 36. Rc7 Rc4 37. Ra7 Nc6 38. Ra8+ Bd8 39. Qf3 Rh7 40. Be3 Ra4 41. Rxa4 bxa4 42. Qe2 Na5 43. Qg4 Kf8 44. Bd2 Nc6 45. Qd1 Ke8 46. Qxa4 Nxe5 47. Qc2 Ng6 48. Bxg6 fxg6 49. Qxg6+ Rf7 50. Bxh6 Bf6 51. Qg8+ Ke7 52. Bd2 Be8 53. Bb4+ Kd8 54. Bc5 Be7 55. Bxe7+ Kxe7 56. g4 Rf8 57. Qg5+ Rf6 58. Kg3 Bb5 59. f4 Ba4 60. Qe5 Bd7 61. Qc7 Rf8 62. a4 Rc8 63. Qa7 Rc3+ 64. Kh4 Rf3 65. Kg5 Rg3 66. Qc5+ Kd8 67. a5 e5 68. f5 exd4 69. a6 1-0

[Event "Gibraltar Masters 17th"]
[Site "Caleta"]
[Date "2019.01.29"]
[Round "8"]
[White "Weisbuch, Udi"]
[Black "Martinez Martin, David"]
[Result "1-0"]
[WhiteElo "2172"]
[BlackElo "2416"]
[PlyCount "51"]
[EventDate "2019.01.22"]
[EventType "swiss"]
[EventRounds "10"]
[EventCountry "GGB"]
[SourceTitle "CBM 188 Extra"]
[Source "ChessBase"]
[SourceDate "2019.02.26"]
[SourceVersion "1"]
[SourceVersionDate "2019.02.26"]
[SourceQuality "1"]

1. e4 c5 2. Nf3 d6 3. Bb5+ Bd7 4. Bxd7+ Qxd7 5. c4 e5 6. 0-0 Be7 7. Nc3 Bd8 8. d3 Ne7 9. Nd5 0-0 10. Bd2 Nbc6 11. a3 Nxd5 12. cxd5 Ne7 13. b4 cxb4 14. axb4 Ng6 15. Qa4 Qg4 16. h3 Qh5 17. Qd7 f5 18. Qxd6 Rf6 19. Qd7 Bb6 20. Rac1 Nf8 21. Rc8 Rf7 22. Qe6 Bd8 23. Qxf7+ Kxf7 24. Rxa8 fxe4 25. dxe4 Bb6 26. g4 1-0

[Event "Gibraltar Masters 17th"]
[Site "Caleta"]
[Date "2019.01.28"]
[Round "7"]
[White "Weisbuch, Udi"]
[Black "Sahajasri, Cholleti"]
[Result "1/2-1/2"]
[WhiteElo "2172"]
[BlackElo "2122"]
[PlyCount "99"]
[EventDate "2019.01.22"]
[EventType "swiss"]
[EventRounds "10"]
[EventCountry "GGB"]
[SourceTitle "CBM 188 Extra"]
[Source "ChessBase"]
[SourceDate "2019.02.26"]
[SourceVersion "1"]
[SourceVersionDate "2019.02.26"]
[SourceQuality "1"]

1. e4 c5 2. Nf3 d6 3. Bb5+ Nd7 4. d4 cxd4 5. Qxd4 a6 6. Bxd7+ Bxd7 7. Nc3 Rc8 8. 0-0 e5 9. Qd3 h6 10. a4 Nf6 11. Rd1 Be7 12. Nd2 Be6 13. Nf1 0-0 14. Ne3 Qc7 15. a5 Rfd8 16. Bd2 Qc6 17. Be1 Rd7 18. b3 Rdd8 19. f3 Bf8 20. Ra2 Be7 21. Ra4 Bf8 22. Raa1 Kh8 23. Ra2 Kg8 24. Kf1 Qe8 25. Qe2 Qc6 26. Qd3 Qe8 27. Bh4 g5 28. Be1 Qc6 29. Kg1 Qc7 30. g4 Kg7 31. Qe2 Be7 32. Na4 Rh8 33. Nb6 Rcd8 34. c4 h5 35. h3 hxg4 36. hxg4 Rh3 37. Kg2 Rdh8 38. Bg3 Qb8 39. Rg1 Qg8 40. Kf1 Qh7 41. Qf2 Bd8 42. Rd2 Bc7 43. b4 Qg8 44. Qe2 Qe8 45. Qd3 Bb8 46. Kg2 Qg8 47. Kf1 Qe8 48. Kg2 Qg8 49. Kf1 Qe8 50. Kg2 1/2-1/2

[Event "Gibraltar Masters 17th"]
[Site "Caleta"]
[Date "2019.01.27"]
[Round "6"]
[White "Erenberg, Ariel"]
[Black "Weisbuch, Udi"]
[Result "1/2-1/2"]
[WhiteElo "2409"]
[BlackElo "2172"]
[PlyCount "79"]
[EventDate "2019.01.22"]
[EventType "swiss"]
[EventRounds "10"]
[EventCountry "GGB"]
[SourceTitle "CBM 188 Extra"]
[Source "ChessBase"]
[SourceDate "2019.02.26"]
[SourceVersion "1"]
[SourceVersionDate "2019.02.26"]
[SourceQuality "1"]

1. d4 Nf6 2. c4 d6 3. Nc3 Bf5 4. g3 e5 5. Nf3 Nbd7 6. Bg2 c6 7. Nh4 Bg6 8. 0-0 Be7 9. d5 cxd5 10. Nxg6 hxg6 11. Nxd5 Nxd5 12. Qxd5 Rb8 13. Be3 b6 14. b4 Nf6 15. Qb5+ Kf8 16. Bg5 Rh5 17. h4 Ne8 18. Bxe7+ Qxe7 19. Rfd1 e4 20. Qc6 Re5 21. Rd4 f5 22. Rad1 Re6 23. Bh3 Rf6 24. e3 Rf7 25. c5 bxc5 26. bxc5 dxc5 27. Rd7 Rb1 28. Rxb1 Qxd7 29. Qxc5+ Qd6 30. Qa5 Nf6 31. Bf1 Rd7 32. Bb5 Rc7 33. Be2 Kg8 34. h5 Kh7 35. Rd1 Qc5 36. hxg6+ Kxg6 37. Qa6 Rc6 38. Qb7 Rc7 39. Qa6 Rc6 40. Qb7 1/2-1/2

[Event "Gibraltar Masters 17th"]
[Site "Caleta"]
[Date "2019.01.25"]
[Round "4"]
[White "Quillan, Gary"]
[Black "Weisbuch, Udi"]
[Result "1/2-1/2"]
[WhiteElo "2364"]
[BlackElo "2172"]
[PlyCount "72"]
[EventDate "2019.01.22"]
[EventType "swiss"]
[EventRounds "10"]
[EventCountry "GGB"]
[SourceTitle "CBM 188 Extra"]
[Source "ChessBase"]
[SourceDate "2019.02.26"]
[SourceVersion "1"]
[SourceVersionDate "2019.02.26"]
[SourceQuality "1"]

1. e4 e6 2. d4 d5 3. Nd2 Nf6 4. e5 Nfd7 5. c3 c5 6. Bd3 Nc6 7. Ne2 cxd4 8. cxd4 f6 9. exf6 Nxf6 10. 0-0 Bd6 11. Nf3 Qc7 12. Bg5 0-0 13. Rc1 Ng4 14. Ng3 g6 15. Nd2 Nf6 16. Nb3 Qb6 17. Be3 Bd7 18. a3 Rf7 19. Rc3 Raf8 20. Qe2 Bc8 21. Nc5 Qd8 22. Bb5 e5 23. Nxb7 Nxd4 24. Nxd8 Nxe2+ 25. Bxe2 Rxd8 26. Bg5 Bb7 27. Rd1 Kg7 28. Bf3 e4 29. Be2 Be5 30. Rb3 Rdd7 31. Bb5 Rd6 32. Ba4 Ba8 33. Rb5 a6 34. Rb4 h6 35. Bxf6+ Kxf6 36. Bc2 h5 1/2-1/2

[Event "Gibraltar Masters 17th"]
[Site "Caleta"]
[Date "2019.01.23"]
[Round "2"]
[White "Weisbuch, Udi"]
[Black "Pogonina, Natalija"]
[Result "1/2-1/2"]
[WhiteElo "2172"]
[BlackElo "2465"]
[PlyCount "118"]
[EventDate "2019.01.22"]
[EventType "swiss"]
[EventRounds "10"]
[EventCountry "GGB"]
[SourceTitle "CBM 188 Extra"]
[Source "ChessBase"]
[SourceDate "2019.02.26"]
[SourceVersion "1"]
[SourceVersionDate "2019.02.26"]
[SourceQuality "1"]

1. e4 e5 2. Nf3 Nc6 3. Bc4 Bc5 4. d3 Nf6 5. Bb3 d6 6. c3 a6 7. h3 Ba7 8. Nbd2 Be6 9. Bc2 h6 10. Nf1 d5 11. Qe2 d4 12. Ng3 Qd7 13. Ba4 b5 14. Bc2 Rd8 15. Bd2 0-0 16. 0-0 Kh7 17. Kh2 Ng8 18. Nh4 dxc3 19. bxc3 b4 20. Nf3 bxc3 21. Bxc3 Nd4 22. Nxd4 Bxd4 23. Qd2 Ne7 24. Ne2 Bxc3 25. Qxc3 Qc6 26. Rfd1 Qxc3 27. Nxc3 Rd6 28. Ne2 Rb8 29. d4 Bc4 30. dxe5 Rxd1 31. Bxd1 Rb2 32. Nd4 Bxa2 33. f4 c5 34. Ne2 Bc4 35. Nc3 Nc6 36. Na4 Rf2 37. Bf3 Nd4 38. Kg3 Rc2 39. Nxc5 Be2 40. Nxa6 Rc3 41. f5 Bxf3 42. gxf3 Nxf3 43. e6 fxe6 44. fxe6 Ng5+ 45. Kg4 Nxe6 46. Kf5 Nd4+ 47. Ke5 Nf3+ 48. Kd6 Rd3+ 49. Ke7 Re3 50. Nc5 Ng5 51. Ra4 Nxh3 52. Nd7 Nf4 53. e5 Ng6+ 54. Kd6 h5 55. e6 Kh6 56. Ra5 Rd3+ 57. Kc7 Re3 58. Kd6 Rd3+ 59. Kc7 Re3 1/2-1/2

[Event "Gibraltar Masters 16th"]
[Site "Caleta"]
[Date "2018.02.01"]
[Round "10"]
[White "Weisbuch, Udi"]
[Black "Obiamiwe, Paul"]
[Result "1-0"]
[WhiteElo "2177"]
[BlackElo "1891"]
[PlyCount "91"]
[EventDate "2018.01.23"]
[EventType "swiss"]
[EventRounds "10"]
[EventCountry "GGB"]
[SourceTitle "CBM 183"]
[Source "ChessBase"]
[SourceDate "2018.03.14"]
[SourceVersion "1"]
[SourceVersionDate "2018.03.14"]
[SourceQuality "1"]

1. e4 e5 2. Nf3 Nc6 3. Bc4 Bc5 4. c3 Nf6 5. d3 a6 6. Bb3 d6 7. h3 Ba7 8. Nbd2 0-0 9. Nf1 h6 10. g4 Nh7 11. Ng3 Be6 12. Qe2 d5 13. 0-0 dxe4 14. dxe4 Bxb3 15. axb3 Qe7 16. b4 Qe6 17. Kh2 Ne7 18. Nf5 Ng6 19. Rg1 Rfe8 20. g5 h5 21. Bd2 Nf4 22. Bxf4 exf4 23. Rae1 g6 24. N5d4 Qe7 25. h4 Nf8 26. e5 Ne6 27. Qe4 c5 28. Nxe6 Qxe6 29. bxc5 Bxc5 30. Re2 Qb6 31. Rf1 a5 32. Qxf4 Rad8 33. Kg2 Qc7 34. Rfe1 Qc6 35. Qe4 Qc8 36. Ng1 Qc7 37. Nh3 Qd7 38. Qf3 Re7 39. Nf4 Qf5 40. e6 fxe6 41. Re5 Rd2 42. Rxf5 Rxf2+ 43. Qxf2 Bxf2 44. Nxg6 Bxe1 45. Nxe7+ Kg7 46. Rf4 1-0

[Event "Gibraltar Masters 16th"]
[Site "Caleta"]
[Date "2018.01.24"]
[Round "2"]
[White "Weisbuch, Udi"]
[Black "Opasiak, Dustin Tennessee"]
[Result "1-0"]
[WhiteElo "2177"]
[BlackElo "1797"]
[PlyCount "35"]
[EventDate "2018.01.23"]
[EventType "swiss"]
[EventRounds "10"]
[EventCountry "GGB"]
[SourceTitle "CBM 183"]
[Source "ChessBase"]
[SourceDate "2018.03.14"]
[SourceVersion "1"]
[SourceVersionDate "2018.03.14"]
[SourceQuality "1"]

1. e4 e6 2. d4 d5 3. Nd2 Nc6 4. Ngf3 Nf6 5. e5 Nd7 6. Be2 f6 7. exf6 Qxf6 8. Nf1 Bd6 9. Ne3 0-0 10. 0-0 h6 11. b3 Ne7 12. Bb2 Ng6 13. g3 c6 14. c4 e5 15. cxd5 e4 16. Nd2 cxd5 17. Nxd5 Qf5 18. Ne3 1-0

[Event "Gibraltar Masters 15th"]
[Site "Caleta"]
[Date "2017.01.30"]
[Round "7"]
[White "Kuipers, Stefan"]
[Black "Weisbuch, Udi"]
[Result "1/2-1/2"]
[WhiteElo "2414"]
[BlackElo "2240"]
[PlyCount "60"]
[EventDate "2017.01.24"]
[EventType "swiss"]
[EventRounds "10"]
[EventCountry "GGB"]
[SourceTitle "CBM 177"]
[Source "ChessBase"]
[SourceDate "2017.03.16"]
[SourceVersion "1"]
[SourceVersionDate "2017.03.16"]
[SourceQuality "1"]

1. e4 e6 2. d4 d5 3. Nc3 Nf6 4. e5 Nfd7 5. f4 c5 6. Nf3 Nc6 7. Be3 Be7 8. Qd2 0-0 9. dxc5 Qa5 10. 0-0-0 b6 11. Bb5 Bb7 12. Kb1 Nxc5 13. Bxc6 Bxc6 14. Nd4 Rac8 15. f5 Na4 16. Nxa4 Qxd2 17. Rxd2 Bxa4 18. fxe6 fxe6 19. Nxe6 Rf5 20. Nf4 Rxe5 21. Nxd5 Bxc2+ 22. Rxc2 Rxc2 23. Nxe7+ Rxe7 24. Kxc2 Rxe3 25. Rd1 Re7 26. Rd2 Kf7 27. Rf2+ Ke8 28. Kd3 Kd7 29. Kd4 Kc6 30. Rc2+ Kd6 1/2-1/2

[Event "Gibraltar Masters 15th"]
[Site "Caleta"]
[Date "2017.01.29"]
[Round "6"]
[White "Carlsten, Peter"]
[Black "Weisbuch, Udi"]
[Result "0-1"]
[WhiteElo "2047"]
[BlackElo "2240"]
[PlyCount "42"]
[EventDate "2017.01.24"]
[EventType "swiss"]
[EventRounds "10"]
[EventCountry "GGB"]
[SourceTitle "CBM 177"]
[Source "ChessBase"]
[SourceDate "2017.03.16"]
[SourceVersion "1"]
[SourceVersionDate "2017.03.16"]
[SourceQuality "1"]

1. e4 e6 2. d4 d5 3. Nc3 Nf6 4. e5 Nfd7 5. f4 c5 6. Nf3 Nc6 7. Be3 Be7 8. Qd2 0-0 9. 0-0-0 c4 10. f5 b5 11. fxe6 fxe6 12. Ne2 b4 13. c3 Qa5 14. Kb1 Rb8 15. h4 bxc3 16. Nxc3 Ba3 17. Rc1 Rxb2+ 18. Qxb2 Bxb2 19. Kxb2 Ba6 20. Be2 Rb8+ 21. Ka1 Qa3 0-1

[Event "Gibraltar Masters 14th"]
[Site "Caleta"]
[Date "2016.02.04"]
[Round "10"]
[White "Weisbuch, Udi"]
[Black "Vuilleumier, Alexandre"]
[Result "0-1"]
[WhiteElo "2254"]
[BlackElo "2356"]
[PlyCount "73"]
[EventDate "2016.01.26"]
[EventType "swiss"]
[EventRounds "10"]
[EventCountry "GGB"]
[SourceTitle "CBM 171"]
[Source "ChessBase"]
[SourceDate "2016.03.14"]
[SourceVersion "2"]
[SourceVersionDate "2016.03.14"]
[SourceQuality "1"]

1. e4 c5 2. Nf3 e6 3. d3 Nc6 4. g3 d5 5. Qe2 Nf6 6. Bg2 Be7 7. e5 Nd7 8. c4 d4 9. h4 Qc7 10. Bf4 b6 11. Na3 a6 12. Nc2 Bb7 13. 0-0 h6 14. Rfe1 0-0-0 15. a3 Rdg8 16. Bd2 g5 17. hxg5 Bxg5 18. Bc1 Bxc1 19. Raxc1 h5 20. b4 h4 21. b5 Ncb8 22. bxa6 Nxa6 23. Nd2 hxg3 24. f4 Bxg2 25. Qxg2 Qb7 26. Ne4 Qc7 27. Re2 Rh2 28. Qf3 f5 29. exf6 Nxf6 30. Rg2 Nxe4 31. dxe4 Kb8 32. Ne1 Qh7 33. Kf1 Rxg2 34. Qxg2 Rh8 35. Rb1 Ka7 36. Rb3 Qf7 37. Qxg3 0-1

[Event "Gibraltar Masters 14th"]
[Site "Caleta"]
[Date "2016.02.03"]
[Round "9"]
[White "Prasanna Raghuram, Rao"]
[Black "Weisbuch, Udi"]
[Result "1-0"]
[WhiteElo "2460"]
[BlackElo "2254"]
[PlyCount "109"]
[EventDate "2016.01.26"]
[EventType "swiss"]
[EventRounds "10"]
[EventCountry "GGB"]
[SourceTitle "CBM 171"]
[Source "ChessBase"]
[SourceDate "2016.03.14"]
[SourceVersion "2"]
[SourceVersionDate "2016.03.14"]
[SourceQuality "1"]

1. d4 Nf6 2. c4 g6 3. g3 Bg7 4. Bg2 0-0 5. Nf3 d6 6. 0-0 c5 7. Nc3 Nc6 8. dxc5 dxc5 9. Be3 Qa5 10. Qb3 Ng4 11. Bd2 Nd4 12. Qd1 Nxf3+ 13. exf3 Ne5 14. Nd5 Qd8 15. Bg5 f6 16. Be3 e6 17. Nc3 Qa5 18. Qb3 f5 19. Rad1 Nc6 20. Qb5 a6 21. Qxc5 f4 22. Qxa5 Nxa5 23. Bc5 Re8 24. Ne4 Nxc4 25. b3 Ne5 26. gxf4 Nf7 27. Rfe1 b5 28. Ng5 Rb8 29. Bh3 e5 30. Bd7 Bxd7 31. Rxd7 Nxg5 32. fxg5 Rbc8 33. b4 Rcd8 34. Red1 Rxd7 35. Rxd7 Bf8 36. Kf1 Rc8 37. Rd5 Re8 38. Ke2 Bxc5 39. bxc5 Kf7 40. Ke3 b4 41. Ke4 a5 42. Rd7+ Ke6 43. Rd6+ Ke7 44. Kd5 Rf8 45. Re6+ Kd8 46. Rf6 Re8 47. Ra6 Kc7 48. Ra7+ Kb8 49. Rxh7 a4 50. c6 b3 51. axb3 a3 52. Rb7+ Ka8 53. Rb4 Re7 54. Ra4+ Ra7 55. c7 1-0

[Event "Gibraltar Masters 14th"]
[Site "Caleta"]
[Date "2016.01.31"]
[Round "6"]
[White "Weisbuch, Udi"]
[Black "Havik, Victor"]
[Result "1-0"]
[WhiteElo "2254"]
[BlackElo "2092"]
[PlyCount "61"]
[EventDate "2016.01.26"]
[EventType "swiss"]
[EventRounds "10"]
[EventCountry "GGB"]
[SourceTitle "CBM 171"]
[Source "ChessBase"]
[SourceDate "2016.03.14"]
[SourceVersion "2"]
[SourceVersionDate "2016.03.14"]
[SourceQuality "1"]

1. e4 e5 2. Nf3 Nc6 3. Bc4 Bc5 4. c3 Nf6 5. d3 0-0 6. Bb3 d5 7. Qe2 Be6 8. 0-0 Qe7 9. Nbd2 dxe4 10. dxe4 Rad8 11. Nc4 a6 12. Bg5 h6 13. Bh4 Kh7 14. Bc2 Bxc4 15. Qxc4 g5 16. Bg3 Nh5 17. b4 Bb6 18. Rad1 Ng7 19. Rd5 f6 20. Rfd1 Ne6 21. h3 Na7 22. Bb3 Nc8 23. Nh2 Ng7 24. Nf1 Rxd5 25. Rxd5 Nh5 26. Qe2 Nf4 27. Bxf4 gxf4 28. Qd3 Nd6 29. c4 Rg8 30. c5 Qg7 31. g3 1-0

[Event "ISR-chT 1112"]
[Site "Israel"]
[Date "2011.12.30"]
[Round "3.5"]
[White "Weisbuch, Udi"]
[Black "Chernomordik, Pavel"]
[Result "1/2-1/2"]
[WhiteElo "2304"]
[BlackElo "2301"]
[PlyCount "72"]
[EventDate "2011.12.16"]
[EventType "team-tourn"]
[EventRounds "11"]
[EventCountry "ISR"]
[SourceTitle "EXT 2013"]
[Source "ChessBase"]
[SourceDate "2012.11.22"]
[SourceVersion "1"]
[SourceVersionDate "2012.11.22"]
[SourceQuality "1"]

1. e4 g6 2. d4 Bg7 3. Nc3 d6 4. Be3 a6 5. f3 b5 6. Qd2 Nd7 7. Nd1 Nb6 8. b3 f5 9. Bd3 c5 10. c3 c4 11. Bc2 fxe4 12. fxe4 Nf6 13. Nf3 0-0 14. 0-0 e6 15. Nf2 Bb7 16. Rae1 a5 17. Bh6 Qc7 18. Bxg7 Kxg7 19. e5 dxe5 20. Nxe5 Ng8 21. Ne4 Bxe4 22. Bxe4 Nd5 23. bxc4 bxc4 24. h4 Ngf6 25. Bf3 a4 26. Qg5 Kh8 27. h5 gxh5 28. Bxd5 Nxd5 29. Qxh5 Qg7 30. Nf7+ Kg8 31. Re5 Ne7 32. Nh6+ Kh8 33. Nf7+ Kg8 34. Nh6+ Kh8 35. Nf7+ Kg8 36. Nh6+ Kh8 1/2-1/2

[Event "Corsica Masters op 15th"]
[Site "Bastia"]
[Date "2011.10.23"]
[Round "2"]
[White "Grigoryan, Avetik"]
[Black "Weisbuch, Udi"]
[Result "1-0"]
[WhiteElo "2614"]
[BlackElo "2304"]
[PlyCount "63"]
[EventDate "2011.10.22"]
[EventType "swiss"]
[EventRounds "9"]
[EventCountry "FRA"]
[SourceTitle "EXT 2012"]
[Source "ChessBase"]
[SourceDate "2011.11.24"]
[SourceVersion "1"]
[SourceVersionDate "2011.11.24"]
[SourceQuality "1"]

1. d4 Nf6 2. c4 g6 3. Nc3 Bg7 4. e4 d6 5. h3 0-0 6. Be3 e5 7. d5 Na6 8. g4 Nc5 9. Qc2 a5 10. Nge2 a4 11. Ng3 c6 12. g5 Nfd7 13. h4 Qa5 14. Be2 a3 15. b3 Na6 16. h5 Re8 17. Kf1 Ndc5 18. Kg2 Bd7 19. Rh4 Bf8 20. Rah1 Re7 21. Bd2 Nb4 22. Qb1 Qb6 23. Nf1 Nca6 24. Be3 Qc7 25. Nh2 Nc5 26. Bg4 Qa5 27. Bxd7 Nxd7 28. Ng4 Bg7 29. hxg6 hxg6 30. R1h3 f6 31. gxf6 Nxf6 32. Bg5 1-0

[Event "Livigno op"]
[Site "Livigno"]
[Date "2010.09.10"]
[Round "1"]
[White "Weisbuch, Udi"]
[Black "Cordova, Emilio"]
[Result "0-1"]
[WhiteElo "2306"]
[BlackElo "2539"]
[PlyCount "116"]
[EventDate "2010.09.10"]
[EventType "swiss"]
[EventRounds "9"]
[EventCountry "ITA"]
[SourceTitle "CBM 138 Extra"]
[Source "ChessBase"]
[SourceDate "2010.10.29"]
[SourceVersion "1"]
[SourceVersionDate "2010.10.29"]
[SourceQuality "1"]

1. e4 c5 2. Nf3 a6 3. c3 e6 4. d4 d5 5. e5 Nc6 6. Na3 cxd4 7. cxd4 Bb4+ 8. Bd2 Qb6 9. Bxb4 Qxb4+ 10. Qd2 Qxd2+ 11. Kxd2 f6 12. Nc2 Nge7 13. Bd3 0-0 14. Rhe1 fxe5 15. dxe5 Bd7 16. Re2 Rf4 17. Ng5 Rg4 18. Nxh7 Nd4 19. Nxd4 Rxd4 20. Ng5 Rg4 21. Nf3 Rxg2 22. Rg1 Rxg1 23. Nxg1 Rf8 24. Ke3 Nc6 25. f4 Nb4 26. Bb1 d4+ 27. Kxd4 Rxf4+ 28. Kc5 b6+ 29. Kd6 Rd4+ 30. Kc7 Bb5 31. Rg2 Rc4+ 32. Kd6 Rc6+ 33. Ke7 Nd5+ 34. Kd8 Rc4 35. Ne2 Rc5 36. Nc3 Nxc3 37. bxc3 Rxe5 38. Kc7 Rc5+ 39. Kxb6 Rxc3 40. a4 Bxa4 41. Kxa6 Bc6 42. Rf2 Bd5 43. Bg6 Rf3 44. Rc2 Kf8 45. Kb6 Ke7 46. Kc5 Kf6 47. Be8 Rf4 48. Kd6 Bc4 49. Rd2 g5 50. Bc6 e5 51. Kc5 Be6 52. Bb5 Rf3 53. Bc6 Rc3+ 54. Kd6 Rc4 55. Rf2+ Rf4 56. Re2 g4 57. Rxe5 Rd4+ 58. Bd5 Bf7 0-1

[Event "Chigorin Memorial 17th"]
[Site "St Petersburg"]
[Date "2009.10.24"]
[Round "9"]
[White "Homiakova, Ekaterina"]
[Black "Weisbuch, Udi"]
[Result "0-1"]
[WhiteElo "2122"]
[BlackElo "2317"]
[PlyCount "96"]
[EventDate "2009.10.16"]
[EventType "swiss"]
[EventRounds "9"]
[EventCountry "RUS"]
[SourceTitle "CBM 132 Extra"]
[Source "ChessBase"]
[SourceDate "2009.11.03"]
[SourceVersion "1"]
[SourceVersionDate "2009.11.03"]
[SourceQuality "1"]

1. e4 e6 2. d4 d5 3. Nd2 Nf6 4. e5 Nfd7 5. Bd3 c5 6. c3 Nc6 7. Ne2 cxd4 8. cxd4 f6 9. exf6 Nxf6 10. 0-0 Bd6 11. Nf3 Qc7 12. Bg5 0-0 13. Bh4 Nh5 14. Qc2 h6 15. Bh7+ Kh8 16. Bg6 Rxf3 17. Bxh5 Rf8 18. Bg3 Bd7 19. Rad1 Rac8 20. Nc3 Na5 21. Qe2 Bf4 22. Rd3 Nc4 23. Rfd1 b5 24. Bxf4 Rxf4 25. b3 Nd6 26. Qe1 Rh4 27. Bf3 Ne4 28. g3 Nxc3 29. gxh4 Nxd1 30. Bxd1 Qf4 31. Qd2 Qxh4 32. Rg3 Qe4 33. Bf3 Qf5 34. Qb4 Be8 35. Qe7 Qf7 36. Qd6 Qf6 37. Qb4 a6 38. a4 Kh7 39. Be2 Bg6 40. axb5 Rc1+ 41. Kg2 axb5 42. Qxb5 Qxd4 43. Qd7 Be4+ 44. Kh3 Rc2 45. Re3 Rxe2 46. Rxe2 Bf5+ 47. Kg2 Qg4+ 48. Kf1 Bd3 0-1